<?xml version="1.0" encoding="UTF-8"?>
<record
    xmlns:xsi="http://www.w3.org/2001/XMLSchema-instance"
    xsi:schemaLocation="http://www.loc.gov/MARC21/slim http://www.loc.gov/standards/marcxml/schema/MARC21slim.xsd"
    xmlns="http://www.loc.gov/MARC21/slim">

  <leader>03612nam a2200553Ia 4500</leader>
  <controlfield tag="001">1705</controlfield>
  <controlfield tag="008">241029s9999    xx            000 0 und d</controlfield>
  <datafield tag="010" ind1=" " ind2=" ">
    <subfield code="a">1594</subfield>
  </datafield>
  <datafield tag="041" ind1=" " ind2=" ">
    <subfield code="a">Espa&#xF1;ol</subfield>
  </datafield>
  <datafield tag="082" ind1=" " ind2=" ">
    <subfield code="a">NO APLICA</subfield>
  </datafield>
  <datafield tag="245" ind1=" " ind2="0">
    <subfield code="a">Incidencias de las tecnolog&#xED;as de la informaci&#xF3;n y el conocimiento en el Centro Universitario Regional de Hato Mayor - CURHAMA, a Junio 2009</subfield>
  </datafield>
  <datafield tag="260" ind1=" " ind2=" ">
    <subfield code="a">Santo Domingo</subfield>
  </datafield>
  <datafield tag="300" ind1=" " ind2=" ">
    <subfield code="a">127</subfield>
  </datafield>
  <datafield tag="520" ind1=" " ind2=" ">
    <subfield code="a">21</subfield>
  </datafield>
  <datafield tag="630" ind1=" " ind2=" ">
    <subfield code="a">Incidencia</subfield>
  </datafield>
  <datafield tag="630" ind1=" " ind2=" ">
    <subfield code="a">Informaci&#xF3;n</subfield>
  </datafield>
  <datafield tag="630" ind1=" " ind2=" ">
    <subfield code="a">Nuevas tecnolog&#xED;as</subfield>
  </datafield>
  <datafield tag="650" ind1=" " ind2=" ">
    <subfield code="a">Calidad Educativa</subfield>
  </datafield>
  <datafield tag="690" ind1=" " ind2=" ">
    <subfield code="a">Elaborado</subfield>
  </datafield>
  <datafield tag="700" ind1=" " ind2=" ">
    <subfield code="e">asesor</subfield>
    <subfield code="a"> Vitoria Santos, Juan Fco.</subfield>
  </datafield>
  <datafield tag="700" ind1=" " ind2=" ">
    <subfield code="e">autor</subfield>
    <subfield code="a">Soriano Guante, Lourdes </subfield>
  </datafield>
  <datafield tag="700" ind1=" " ind2=" ">
    <subfield code="e">autor</subfield>
    <subfield code="a"> Feliz Feliz,, Geury</subfield>
  </datafield>
  <datafield tag="901" ind1=" " ind2=" ">
    <subfield code="a">{"1":"Soriano Guante","2":" Feliz Feliz,"}</subfield>
    <subfield code="b">{"1":"Lourdes ","2":"Geury"}</subfield>
  </datafield>
  <datafield tag="902" ind1=" " ind2=" ">
    <subfield code="a">1</subfield>
  </datafield>
  <datafield tag="903" ind1=" " ind2=" ">
    <subfield code="a">{"1":" Vitoria Santos"}</subfield>
    <subfield code="b">{"1":"Juan Fco."}</subfield>
  </datafield>
  <datafield tag="904" ind1=" " ind2=" ">
    <subfield code="a">Maestro en</subfield>
  </datafield>
  <datafield tag="905" ind1=" " ind2=" ">
    <subfield code="a">Ense&#xF1;anza Superior</subfield>
  </datafield>
  <datafield tag="906" ind1=" " ind2=" ">
    <subfield code="a">2</subfield>
  </datafield>
  <datafield tag="907" ind1=" " ind2=" ">
    <subfield code="a">NO APLICA</subfield>
  </datafield>
  <datafield tag="908" ind1=" " ind2=" ">
    <subfield code="a">NO APLICA</subfield>
  </datafield>
  <datafield tag="909" ind1=" " ind2=" ">
    <subfield code="a">Universidad Aut&#xF3;noma de Santo Domingo (UASD)</subfield>
  </datafield>
  <datafield tag="910" ind1=" " ind2=" ">
    <subfield code="a">NULL</subfield>
    <subfield code="b">NULL</subfield>
  </datafield>
  <datafield tag="911" ind1=" " ind2=" ">
    <subfield code="a">["32"]</subfield>
  </datafield>
  <datafield tag="912" ind1=" " ind2=" ">
    <subfield code="a">NO APLICA</subfield>
  </datafield>
  <datafield tag="913" ind1=" " ind2=" ">
    <subfield code="a">NULL</subfield>
  </datafield>
  <datafield tag="914" ind1=" " ind2=" ">
    <subfield code="a">08 de Enero de 2007</subfield>
  </datafield>
  <datafield tag="915" ind1=" " ind2=" ">
    <subfield code="a">20/07/15 03:07</subfield>
  </datafield>
  <datafield tag="916" ind1=" " ind2=" ">
    <subfield code="a">NULL</subfield>
  </datafield>
  <datafield tag="917" ind1=" " ind2=" ">
    <subfield code="a">NULL</subfield>
  </datafield>
  <datafield tag="918" ind1=" " ind2=" ">
    <subfield code="a">NO APLICA</subfield>
  </datafield>
  <datafield tag="919" ind1=" " ind2=" ">
    <subfield code="a">["209","229","228"]</subfield>
  </datafield>
  <datafield tag="520" ind1=" " ind2=" ">
    <subfield code="a">El objetivo principal del estudio es verificar la realidad de uso de las nuevas tecnolog&#xED;as de la informaci&#xF3;n por parte del personal docente del Centro Regional Universitario de Hato Mayor (CURHAMA) en sentido general. La metodolog&#xED;a utilizada fue de corte cualitativo y se fundament&#xF3; en los m&#xE9;todos hist&#xF3;ricos, comparativos, anal&#xED;ticos, deductivos e inductivos. Se trabaj&#xF3; con una muestra de 22 profesores para un porcentaje representativo del 55% de la poblaci&#xF3;n total.Entre los principales resultados del estudio, se destaca que respecto a los medios tecnol&#xF3;gicos disponibles en el CURHAMA, un 82% afirm&#xF3; computadoras. De los veinte recursos presentados, los profesores se&#xF1;alaron con m&#xE1;s frecuencia la Internet, 86%; el correo electr&#xF3;nico 73%, fotocopiadora 59%, data show 54%. Al recabar la opini&#xF3;n del personal docente respecto al uso de las nuevas tecnolog&#xED;as en la ense&#xF1;anza como garant&#xED;a de inserci&#xF3;n del futuro profesional en el mercado laboral, el 64% respondi&#xF3; que siempre, un 27% casi siempre y un 9% algunas veces, lo que significa que los profesores del CURHAMA valoran positivamente el impacto de la formaci&#xF3;n con tecnolog&#xED;a para la formaci&#xF3;n integral de sus alumnos. En el CURHAMA, las nuevas tecnolog&#xED;as de la informaci&#xF3;n ten&#xED;an aplicaci&#xF3;n a la ense&#xF1;anza en un 32% siempre, en un 27% algunas veces y en un 23% casi siempre y en un 18% generalmente. Del total de la muestra, el 50% afirm&#xF3; que tienen acceso a dichas tecnolog&#xED;as y un 23% dice no tener limitaci&#xF3;n para su uso.El estudio recomienda que se deben incorporar m&#xE1;s docentes del sexo femenino a fin de acercarse a la igualdad de g&#xE9;nero a la que se aspira entre los objetivos del milenio. Adem&#xE1;s, superar obst&#xE1;culos significativos en la creaci&#xF3;n de un entorno que permita al profesorado extraer el m&#xE1;ximo beneficio de los recursos tecnol&#xF3;gicos. Solicitar al Gobierno la inclusi&#xF3;n de la renovaci&#xF3;n de la plataforma tecnol&#xF3;gica del CUHARMA seg&#xFA;n lo programado por el INDOTEL en su plan bianual, ya que los equipos disponibles son insuficientes para atender la demanda de los profesores y la matricula estudiantil.</subfield>
  </datafield>
  <datafield tag="921" ind1=" " ind2=" ">
    <subfield code="a">16</subfield>
  </datafield>
  <datafield tag="922" ind1=" " ind2=" ">
    <subfield code="a">16</subfield>
  </datafield>
  <datafield tag="923" ind1=" " ind2=" ">
    <subfield code="a">0</subfield>
  </datafield>
  <datafield tag="924" ind1=" " ind2=" ">
    <subfield code="a">NO APLICA</subfield>
  </datafield>
  <datafield tag="942" ind1=" " ind2=" ">
    <subfield code="c">Tesis</subfield>
  </datafield>
  <datafield tag="999" ind1=" " ind2=" ">
    <subfield code="c">1594</subfield>
    <subfield code="d">1594</subfield>
  </datafield>
</record>
